| 000 | 00885nam a2200229 i 4500 | ||
|---|---|---|---|
| 001 | 136007 | ||
| 003 | ES-MaACL | ||
| 005 | 20260130134952.0 | ||
| 007 | t| | ||
| 008 | 070214s1972 sp r ||||1| spa d | ||
| 100 | 1 |
_aRovira Mola, Alberto de. _9100150 |
|
| 245 | 1 | 3 |
_aLa hacienda municipal y sus problemas / _cAlberto de Rovira Molá ; prólogo de José Luis Sureda Carrión. |
| 260 |
_aMadrid : _bInstituto de Estudios de Administración Local, _c1972. |
||
| 300 |
_a197 p. ; _c21 cm. |
||
| 490 | 1 |
_aCol. estudios administración local ; _v5 |
|
| 650 | 4 |
_aHacienda municipal- _zEspaña. _9148346 |
|
| 700 | 1 |
_aSureda Carrión, José Luis. _9108822 |
|
| 710 | 2 | 0 |
_aInstituto de Estudios de Administración Local (España) _94893 |
| 830 | 0 |
_aColección estudios administración local _v5 _9219966 |
|
| 852 |
_aES-MaACL _jC-42620 _bR.81980 |
||
| 999 |
_c136007 _d136007 |
||